| 000 | 00461nam a2200157Ia 4500 | ||
|---|---|---|---|
| 001 | 3039 | ||
| 008 | 241024s9999 xx 000 0 und d | ||
| 020 | _a978-9945-8872-1-1 | ||
| 082 | _aRD/370.4/C932b | ||
| 100 | _a[*SIN AUTOR*] | ||
| 245 | 0 | _aLa crisis educativa y el modelo económico-político en República Dominicana / Bosch Matias compilador | |
| 260 |
_bFundación Juan Bosch _c2013 |
||
| 590 | _asi | ||
| 901 | _a23/7/2013 8:08:44 a.m. | ||
| 999 |
_c9254 _d9254 |
||